Kala niyanthranam-Chirakkadavu mathruka (Record no. 61812)

MARC details
000 -LEADER
fixed length control field 00262nam a2200109Ia 4500
100 ## - MAIN ENTRY--AUTHOR NAME
Personal name Gopakumar R
245 #0 - TITLE STATEMENT
Title Kala niyanthranam-Chirakkadavu mathruka
260 ## - PUBLICATION, DISTRIBUTION, ETC. (IMPRINT)
Name of publisher Rubber
Year of publication 2014
300 ## - PHYSICAL DESCRIPTION
Number of Pages 17-19
942 ## - ADDED ENTRY ELEMENTS (KOHA)
Koha item type Journals
Holdings
Withdrawn status Lost status Damaged status Not for loan Home library Current library Date acquired Serial Enumeration / chronology Koha item type
      Journals RRII Library RRII Library 03/07/2014 Volume 579, Issue Jun Journals